| 000 | 00891nam a2200313 a 4500 | ||
|---|---|---|---|
| 001 | 000108421 | ||
| 003 | CHAP | ||
| 005 | 20220329144012.0 | ||
| 008 | 140211s2012 flua |r| |||1|||eng|d | ||
| 010 | _a104883 | ||
| 011 | _a105855 | ||
| 020 | _a9781439809570 | ||
| 040 | _cCHAP | ||
| 082 | 0 | 4 |
_a571.64 _bS92 2012 |
| 245 | 0 | 4 |
_aThe structure of biological membranes / _cpor Philip L. Yeagle. |
| 250 | _a3 ed. | ||
| 260 | 3 |
_aBoca Raton Fl. : _bCRC Press, _c2012. |
|
| 300 |
_axii, 386 p. : _bil. |
||
| 504 | _aIncluye: Referencia e index | ||
| 590 |
_aBATCH-UPD _b05 _c20140211 _lUCH01 _h0906 |
||
| 590 |
_aE792CSJ _b05 _c20140211 _lUCH01 _h0905 |
||
| 650 | 1 | 4 |
_aLípidos de membrana. _9125402 |
| 650 | 1 | 4 |
_aMembranas (Biología) _974496 |
| 650 | 1 | 4 |
_aProteinas de la membrana. _9125401 |
| 700 | 1 |
_aYeagle, Philip L. _eed. _9125396 |
|
| 901 | _aBK | ||
| 942 | _cLIBRO | ||
| 942 | _n0 | ||
| 999 |
_c104883 _d104883 |
||